Music Quiz

Random Music or Bands Quiz
Score 0/15 Timer 04:00
5 Plays Today
% Correct
I Want My MTV
87.3%
Practicing Sucks, But It Doesn't Have To!
84.7%
I'm with the Band
84.6%
Parental Advisory
84.1%
Fargo Rock City
81.3%
The Ninth
75.1%
Imperfect Harmony
74.6%
Come As You Are
72.1%
% Correct
Escaping the Delta
66.8%
Evening in the Palace of Reason
60.2%
Musicophilia
56.3%
Fire and Rain
55.1%
Nothing Feels Good
51%
The Rest Is Noise
48.5%
The Twisted Muse
44.4%
Remove Ads.
Support Sporcle.
Get the best of Sporcle when you Go Orange. This ad-free experience offers more features, more stats, and more fun while also helping to support Sporcle. Thank you for becoming a member.

You're not logged in!

Compare scores with friends on all Sporcle quizzes.
OR
Log In

Show Comments

Extras

Top Quizzes Today


Score Distribution

Your Account Isn't Verified!

In order to create a playlist on Sporcle, you need to verify the email address you used during registration. Go to your Sporcle Settings to finish the process.

Report this User

Report this user for behavior that violates our Community Guidelines.

Details: